000 00569nam a2200157Ia 4500
008 220216s9999 xx 000 0 und d
100 _aRajan V V
245 0 _aReclaiming of natural rubber based latex products : A mechanistic approach
260 _bProceedings of the National Conference and Exposition on Rubber and Allied Materials. India Rub Tech Expo 2004. 13-14 February, 2004, Mysore.pp.361-366.
650 _aDevulcanization
650 _aLatex products
650 _aNatural rubber
700 _aDierkes W K
700 _aNoordermeer J W M
942 _cJS
999 _c66523
_d66523